[Event "Groningen 2009 - Open A"]
[Site "Groningen NED"]
[Date "2009.12.29"]
[Round "8.2"]
[White "Reinderman, Dimitri"]
[Black "Greenfeld, Alon"]
[Result "1/2-1/2"]
[WhiteElo "2575"]
[BlackElo "2559"]
[PlyCount "64"]
[EventDate "2009.12.21"]
[EventType "swiss"]
[EventRounds "9"]
[EventCountry "NED"]
[Source "lmi"]
[SourceDate "2009.12.21"]

1. c4 c5 2. Nc3 Nc6 3. Nf3 Nf6 4. g3 d5 5. d4 e6 6. cxd5 Nxd5 7. Bg2 cxd4 8.
Nxd4 Nxc3 9. bxc3 Nxd4 10. cxd4 Bb4+ 11. Kf1 Bc3 12. Rb1 Qxd4 13. Qxd4 Bxd4 14.
Bxb7 Bxb7 15. Rxb7 O-O 16. Kg2 Rab8 17. Rxb8 Rxb8 18. Rd1 Bb6 19. Rd7 h5 20. a4
Rc8 21. Bd2 Rc4 22. a5 Rd4 23. Rxd4 Bxd4 24. Kf3 a6 25. e3 Bc5 26. h3 Kf8 27.
Ke4 Ke7 28. Kd3 Kd6 29. Kc4 Kc6 30. g4 hxg4 31. hxg4 f5 32. f3 g6 1/2-1/2

[Event "Groningen 2009 - Open A"]
[Site "Groningen NED"]
[Date "2009.12.29"]
[Round "8.3"]
[White "Deviatkin, Andrei"]
[Black "Swinkels, Robin"]
[Result "1-0"]
[WhiteElo "2608"]
[BlackElo "2500"]
[PlyCount "143"]
[EventDate "2009.12.21"]
[EventType "swiss"]
[EventRounds "9"]
[EventCountry "NED"]
[Source "lmi"]
[SourceDate "2009.12.21"]

1. c4 Nf6 2. g3 e5 3. Bg2 d5 4. cxd5 Nxd5 5. Nf3 Nc6 6. O-O Nb6 7. b3 g6 8. Nc3
a5 9. d3 Bg7 10. Ba3 Nb4 11. Qd2 O-O 12. Rac1 Bd7 13. Ne1 Ra7 14. Nc2 Qe7 15.
Ne4 N6d5 16. Nc5 b6 17. Nxd7 Qxd7 18. Bxd5 Qxd5 19. Bxb4 axb4 20. Nxb4 Qa5 21.
Rc2 c5 22. Nd5 Qb5 23. Qc3 Ra3 24. Qc4 Qa5 25. b4 cxb4 26. Rb1 Ra8 27. Ne7+ Kf8
28. Nc6 Qc5 29. Qxb4 Qxb4 30. Nxb4 Kg8 31. Kf1 Bf8 32. Nc6 Bd6 33. Rxb6 Rxa2
34. Rxa2 Rxa2 35. Rb5 f6 36. Rb7 Rc2 37. Na5 h5 38. Nc4 Bf8 39. Ne3 Rc5 40. Rd7
Bg7 41. Kg2 Ra5 42. h3 Ra4 43. Nd5 Ra2 44. Kf3 Ra4 45. Ne7+ Kh7 46. Rd6 Ra7 47.
Nd5 Rf7 48. Re6 Kh6 49. h4 Rd7 50. Nc3 Kh7 51. Ne4 Rf7 52. Nd6 Rd7 53. Ne8 Rf7
54. Ke4 Bh8 55. Kd5 Kh6 56. Rc6 Rf8 57. Rc8 g5 58. Nd6 Bg7 59. Rxf8 Bxf8 60.
Nf5+ Kg6 61. Ke6 Bb4 62. e3 Be1 63. f3 Bxg3 64. Nxg3 gxh4 65. Ne4 h3 66. f4
exf4 67. exf4 h2 68. Nf2 h4 69. d4 h3 70. d5 Kh5 71. d6 Kh4 72. Nh1 1-0

[Event "Groningen 2009 - Open A"]
[Site "Groningen NED"]
[Date "2009.12.29"]
[Round "8.4"]
[White "Brandenburg, Daan"]
[Black "Giri, Anish"]
[Result "1/2-1/2"]
[WhiteElo "2481"]
[BlackElo "2585"]
[PlyCount "203"]
[EventDate "2009.12.21"]
[EventType "swiss"]
[EventRounds "9"]
[EventCountry "NED"]
[Source "lmi"]
[SourceDate "2009.12.21"]

1. e4 c5 2. c3 Nf6 3. e5 Nd5 4. Nf3 e6 5. Bc4 d6 6. d4 cxd4 7. cxd4 Nc6 8. O-O
Be7 9. Qe2 O-O 10. Qe4 Bd7 11. Bd3 f5 12. exf6 Nxf6 13. Qe2 Qa5 14. Nc3 Qh5 15.
Bf4 Nd5 16. Nxd5 exd5 17. Qd2 Rae8 18. Be2 Qg6 19. Bg3 Bf5 20. Rfd1 Be4 21. Qc3
Bd8 22. b4 Bb6 23. Rd2 h6 24. Ne1 Qf6 25. Rad1 Re6 26. f3 Bg6 27. Bf2 Nxd4 28.
Bxd4 Rfe8 29. Kf1 Bxd4 30. Qxd4 Qxd4 31. Rxd4 Rxe2 32. R4d2 R2e3 33. Nd3 Bf7
34. b5 Rc8 35. Kf2 d4 36. Nb4 Ra3 37. Rxd4 Rc5 38. R1d3 Rxd3 39. Nxd3 Rxb5 40.
a4 Rd5 41. Ke3 Kf8 42. Rb4 b6 43. h4 Bg6 44. Nb2 Rc5 45. Rd4 Rc3+ 46. Kf4 Rb3
47. Rxd6 Rxb2 48. Rxg6 Rb4+ 49. Ke5 Rxa4 50. Rc6 Kf7 51. Rc7+ Kg8 52. g4 b5 53.
g5 hxg5 54. hxg5 Ra6 55. Rb7 Rb6 56. Rxa7 b4 57. g6 Rb8 58. Kd4 b3 59. Ra1 Kf8
60. Kc3 Ke7 61. Rb1 Rf8 62. Rf1 Kf6 63. Kxb3 Rc8 64. Rg1 Kf5 65. Rg4 Rc1 66.
Kb2 Rf1 67. Kc2 Rxf3 68. Rg1 Re3 69. Kd2 Re6 70. Kd3 Kf4 71. Rf1+ Kg4 72. Rg1+
Kf3 73. Kd4 Kf4 74. Rf1+ Kg4 75. Rg1+ Kf5 76. Kd3 Rxg6 77. Rf1+ Kg5 78. Rg1+
Kf6 79. Rf1+ Ke7 80. Re1+ Kf7 81. Rf1+ Rf6 82. Rg1 Re6 83. Kd4 g6 84. Rf1+ Kg7
85. Rg1 Kf6 86. Rf1+ Kg5 87. Rg1+ Kf4 88. Rf1+ Kg4 89. Rg1+ Kf4 90. Rf1+ Kg3
91. Kd5 Ra6 92. Ke5 g5 93. Rg1+ Kh4 94. Rh1+ Kg4 95. Rg1+ Kh5 96. Rh1+ Kg6 97.
Ke4 Rf6 98. Ke3 Rf4 99. Rh3 Ra4 100. Kf2 Kf5 101. Rb3 Kg4 102. Kg2 1/2-1/2

[Event "Groningen 2009 - Open A"]
[Site "Groningen NED"]
[Date "2009.12.29"]
[Round "8.5"]
[White "Chadaev, Nikolai"]
[Black "Pruijssers, Roeland"]
[Result "1-0"]
[WhiteElo "2567"]
[BlackElo "2413"]
[PlyCount "87"]
[EventDate "2009.12.21"]
[EventType "swiss"]
[EventRounds "9"]
[EventCountry "NED"]
[Source "lmi"]
[SourceDate "2009.12.21"]

1. e4 e5 2. Nf3 Nc6 3. Nc3 Nf6 4. Bb5 Nd4 5. Bc4 Bc5 6. Nxe5 Qe7 7. Nf3 Nxe4 8.
O-O Nxf3+ 9. Qxf3 Ng5 10. Qg3 Ne6 11. Bxe6 fxe6 12. Qxc7 O-O 13. d3 d5 14. Qxe7
Bxe7 15. Be3 Bd7 16. Ne2 Bf6 17. d4 Rfc8 18. Rac1 Bb5 19. Rfe1 Bxe2 20. Rxe2
Rc6 21. Kf1 b5 22. c3 a5 23. Rec2 Rac8 24. Ke2 h5 25. Kd3 Be7 26. Bf4 Kf7 27.
h3 g5 28. Be3 Kg6 29. f4 g4 30. hxg4 hxg4 31. Rh1 Bf6 32. f5+ exf5 33. Rh6+ Kg7
34. Rf2 b4 35. cxb4 axb4 36. Rxf5 Re8 37. Bg5 b3 38. Rfxf6 bxa2 39. Rxc6 a1=Q
40. Rc7+ Re7 41. Rxe7+ Kg8 42. Rg6+ Kf8 43. Rf6+ Kg8 44. Bh6 1-0

[Event "Groningen 2009 - Open A"]
[Site "Groningen NED"]
[Date "2009.12.29"]
[Round "8.6"]
[White "Nijboer, Friso"]
[Black "Grover, Sahaj"]
[Result "1-0"]
[WhiteElo "2561"]
[BlackElo "2372"]
[PlyCount "71"]
[EventDate "2009.12.21"]
[EventType "swiss"]
[EventRounds "9"]
[EventCountry "NED"]
[Source "lmi"]
[SourceDate "2009.12.21"]

1. e4 c5 2. Nf3 d6 3. d4 cxd4 4. Nxd4 Nf6 5. Nc3 a6 6. Be3 e5 7. Nb3 Be6 8. f3
Be7 9. Qd2 O-O 10. O-O-O Nbd7 11. g4 b5 12. g5 b4 13. Ne2 Ne8 14. f4 a5 15. f5
a4 16. Nbd4 exd4 17. Nxd4 b3 18. Kb1 bxc2+ 19. Nxc2 Bb3 20. axb3 axb3 21. Na3
Ne5 22. Qg2 Qc8 23. f6 Bd8 24. h4 gxf6 25. Bb5 Qg4 26. Qxg4 Nxg4 27. Bd4 Ne5
28. Nc4 Nc7 29. Nxd6 Nxb5 30. Nxb5 Nf3 31. Bxf6 Bxf6 32. gxf6 Ra6 33. Nc7 Rxf6
34. Rd3 Rb8 35. Rhd1 Rc6 36. Nd5 1-0

[Event "Groningen 2009 - Open A"]
[Site "Groningen NED"]
[Date "2009.12.29"]
[Round "8.7"]
[White "Hoffmann, Michael"]
[Black "Bok, Benjamin"]
[Result "1/2-1/2"]
[WhiteElo "2509"]
[BlackElo "2337"]
[PlyCount "115"]
[EventDate "2009.12.21"]
[EventType "swiss"]
[EventRounds "9"]
[EventCountry "NED"]
[Source "lmi"]
[SourceDate "2009.12.21"]

1. c4 Nf6 2. Nc3 d5 3. cxd5 Nxd5 4. g3 g6 5. Bg2 Nxc3 6. bxc3 Bg7 7. Rb1 Nd7 8.
Nf3 O-O 9. O-O c5 10. d4 Nb6 11. Ne5 Bxe5 12. dxe5 Qxd1 13. Rxd1 Be6 14. Bg5
Bxa2 15. Rb5 Rfd8 16. Rxd8+ Rxd8 17. Bxb7 Rd1+ 18. Kg2 Bd5+ 19. Bxd5 Rxd5 20.
Bxe7 Rxe5 21. Bf6 Re6 22. Bg5 Na4 23. Be3 Rc6 24. c4 a6 25. Rb3 Nb6 26. Bxc5
Rxc5 27. Rxb6 Rxc4 28. Rxa6 h5 29. h3 Kg7 30. Ra7 Rb4 31. Rd7 Ra4 32. Kf3 Kf6
33. g4 g5 34. e3 Ra2 35. Rd6+ Ke7 36. Rb6 f6 37. Kg3 Ra3 38. Rb4 Kf7 39. Kf3
Ra2 40. Rb5 Ke6 41. Rb3 Ra4 42. Kg3 Ra1 43. f4 Rg1+ 44. Kf3 gxf4 45. exf4 hxg4+
46. hxg4 Ra1 47. Rb6+ Kf7 48. Rb7+ Ke8 49. Ke4 Ra5 50. f5 Kf8 51. Rc7 Re5+ 52.
Kd4 Re1 53. Kd5 Re5+ 54. Kd6 Re4 55. Ra7 Re1 56. Ra8+ Kf7 57. Ra7+ Kf8 58. Ra8+
1/2-1/2

[Event "Groningen 2009 - Open A"]
[Site "Groningen NED"]
[Date "2009.12.29"]
[Round "8.8"]
[White "Baklan, Vladimir"]
[Black "Podzielny, Karl-Heinz"]
[Result "1-0"]
[WhiteElo "2655"]
[BlackElo "2456"]
[PlyCount "39"]
[EventDate "2009.12.21"]
[EventType "swiss"]
[EventRounds "9"]
[EventCountry "NED"]
[Source "lmi"]
[SourceDate "2009.12.21"]

1. e4 c5 2. Nf3 e6 3. Nc3 a6 4. d4 cxd4 5. Nxd4 Qc7 6. Bd3 Nf6 7. O-O d6 8. f4
Nbd7 9. Kh1 Be7 10. Qe2 b6 11. Bd2 Bb7 12. b4 g6 13. b5 axb5 14. Ncxb5 Qb8 15.
e5 dxe5 16. fxe5 Nh5 17. Nd6+ Bxd6 18. exd6 Qxd6 19. Nb5 Qc6 20. Be4 1-0

[Event "Groningen 2009 - Open A"]
[Site "Groningen NED"]
[Date "2009.12.29"]
[Round "8.9"]
[White "Meijers, Viesturs"]
[Black "Kleijn, Christov"]
[Result "1/2-1/2"]
[WhiteElo "2488"]
[BlackElo "2383"]
[PlyCount "99"]
[EventDate "2009.12.21"]
[EventType "swiss"]
[EventRounds "9"]
[EventCountry "NED"]
[Source "lmi"]
[SourceDate "2009.12.21"]

1. d4 d5 2. Nf3 Nf6 3. Bg5 e6 4. Nbd2 Be7 5. e3 c5 6. c3 O-O 7. Bd3 b6 8. Ne5
Bb7 9. Qc2 h6 10. Bh4 Nbd7 11. Nxd7 Nxd7 12. Bxe7 Qxe7 13. O-O e5 14. dxe5 Nxe5
15. Be2 Rad8 16. Rfe1 d4 17. exd4 cxd4 18. cxd4 Rxd4 19. Qc3 Rfd8 20. Nf3 Bxf3
21. Bxf3 Nxf3+ 22. Qxf3 Qb4 23. b3 Rd3 24. Qc6 Kh7 25. g3 Rd2 26. Qf3 Qc5 27.
Rac1 Qd5 28. Qxd5 R8xd5 29. a4 Rf5 30. Rf1 Rf3 31. Rc7 a5 32. Kg2 Rdd3 33. Rb1
Rxb3 34. Rxb3 Rxb3 35. Rxf7 Rb4 36. Rb7 Kg6 37. f4 Kf6 38. Kh3 g5 39. Kg4 gxf4
40. gxf4 h5+ 41. Kxh5 Rxf4 42. Rxb6+ Kf7 43. h4 Rxa4 44. Kg5 Rb4 45. Rf6+ Kg7
46. Rf5 a4 47. Ra5 Rb7 48. Rxa4 Rb5+ 49. Kg4 Rc5 50. Rf4 1/2-1/2

[Event "Groningen 2009 - Open A"]
[Site "Groningen NED"]
[Date "2009.12.29"]
[Round "8.10"]
[White "Poetsch, Hagen"]
[Black "Kantans, Toms"]
[Result "1-0"]
[WhiteElo "2361"]
[BlackElo "2281"]
[PlyCount "41"]
[EventDate "2009.12.21"]
[EventType "swiss"]
[EventRounds "9"]
[EventCountry "NED"]
[Source "lmi"]
[SourceDate "2009.12.21"]

1. Nf3 e6 2. e4 b6 3. d4 Bb7 4. Bd3 Nf6 5. Nbd2 c5 6. c3 Nc6 7. a3 Be7 8. e5
Nd5 9. Ne4 cxd4 10. c4 f5 11. cxd5 fxe4 12. Bxe4 Na5 13. Nxd4 O-O 14. Qh5 g6
15. Bxg6 hxg6 16. Qxg6+ Kh8 17. Qh5+ Kg8 18. Bh6 Bf6 19. Qg6+ Kh8 20. Bxf8 Bxe5
21. Qh5+ 1-0

[Event "Groningen 2009 - Open A"]
[Site "Groningen NED"]
[Date "2009.12.29"]
[Round "8.11"]
[White "Caspi, Israel"]
[Black "Genov, Petar"]
[Result "1-0"]
[WhiteElo "2423"]
[BlackElo "2476"]
[PlyCount "22"]
[EventDate "2009.12.21"]
[EventType "swiss"]
[EventRounds "9"]
[EventCountry "NED"]
[Source "lmi"]
[SourceDate "2009.12.21"]

1. e4 c6 2. d4 d5 3. f3 e6 4. Nc3 Bb4 5. a3 Bxc3+ 6. bxc3 dxe4 7. Be2 exf3 8.
Nxf3 Nf6 9. Be3 Nbd7 10. Bg5 O-O 11. Qd3 Nd5 1-0

[Event "Groningen 2009 - Open A"]
[Site "Groningen NED"]
[Date "2009.12.29"]
[Round "8.12"]
[White "Berkovich, Mark A"]
[Black "Wiel van der, John"]
[Result "1/2-1/2"]
[WhiteElo "2406"]
[BlackElo "2475"]
[PlyCount "25"]
[EventDate "2009.12.21"]
[EventType "swiss"]
[EventRounds "9"]
[EventCountry "NED"]
[Source "lmi"]
[SourceDate "2009.12.21"]

1. d4 Nf6 2. Nf3 e6 3. g3 c5 4. Bg2 d5 5. O-O b5 6. b3 Bb7 7. c4 dxc4 8. bxc4
bxc4 9. Qa4+ Bc6 10. Qxc4 Nbd7 11. Ba3 Rc8 12. dxc5 Bxc5 13. Bxc5 1/2-1/2

[Event "Groningen 2009 - Open A"]
[Site "Groningen NED"]
[Date "2009.12.29"]
[Round "8.13"]
[White "Burg, Twan"]
[Black "Saravanan, Venkatachalam"]
[Result "0-1"]
[WhiteElo "2460"]
[BlackElo "2356"]
[PlyCount "89"]
[EventDate "2009.12.21"]
[EventType "swiss"]
[EventRounds "9"]
[EventCountry "NED"]
[Source "lmi"]
[SourceDate "2009.12.21"]

1. e4 c5 2. Nf3 Nc6 3. Nc3 e6 4. d4 cxd4 5. Nxd4 Qc7 6. Be2 a6 7. O-O Nf6 8.
Be3 Bb4 9. Na4 O-O 10. c4 Nxe4 11. Bf3 d5 12. c5 Qe5 13. Nxc6 bxc6 14. Bd4 Qf5
15. Nb6 Rb8 16. Bxg7 Re8 17. Rc1 Nd2 18. Bg4 Qg5 19. Bc3 Bxc3 20. Rxc3 Nxf1 21.
Kxf1 Kh8 22. Qe2 a5 23. h4 Qxh4 24. Kg1 Ba6 25. Qxa6 Qxg4 26. Qxa5 Rg8 27. g3
Rbd8 28. Qa7 d4 29. Rc4 Qf3 30. Qc7 f6 31. Nd7 e5 32. Nxe5 fxe5 33. Qxe5+ Rg7
34. Rxd4 Rf8 35. Rd2 Qf6 36. Qe2 Re7 37. Qg4 Qe6 38. Qd4+ Qe5 39. Qxe5+ Rxe5
40. b4 Re4 41. a3 Rf3 42. Rd8+ Kg7 43. Rd7+ Kg6 44. Rd6+ Rf6 45. Rd3 0-1

[Event "Groningen 2009 - Open A"]
[Site "Groningen NED"]
[Date "2009.12.29"]
[Round "8.14"]
[White "Ernst, Sipke"]
[Black "Piasetski, Leon"]
[Result "1-0"]
[WhiteElo "2587"]
[BlackElo "2269"]
[PlyCount "87"]
[EventDate "2009.12.21"]
[EventType "swiss"]
[EventRounds "9"]
[EventCountry "NED"]
[Source "lmi"]
[SourceDate "2009.12.21"]

1. d4 Nf6 2. c4 g6 3. Nc3 Bg7 4. e4 d6 5. Nf3 O-O 6. Be2 e5 7. O-O Nbd7 8. Be3
Re8 9. Qc2 exd4 10. Nxd4 c6 11. Rfd1 Qe7 12. f3 Nh5 13. Qd2 f5 14. Nb3 f4 15.
Bd4 Be5 16. Bxe5 dxe5 17. Qd6 Qg5 18. c5 Nf8 19. Rd2 Be6 20. Rad1 Ng3 21. Qd3
Rad8 22. Qc2 Nxe2+ 23. Nxe2 Rxd2 24. Rxd2 Rd8 25. Nec1 Rd7 26. Rxd7 Nxd7 27.
Na5 Nxc5 28. Qxc5 b6 29. Qxc6 Bh3 30. Qd5+ Kg7 31. Qd2 bxa5 32. Kf1 Be6 33.
Qxa5 Kh6 34. b3 Qe7 35. Nd3 Qd6 36. Qc3 Bc8 37. Nxe5 Qd1+ 38. Kf2 Kh5 39. Nc4
g5 40. Qd2 Qa1 41. g4+ fxg3+ 42. hxg3 Bh3 43. g4+ Kh4 44. Ne3 1-0

[Event "Groningen 2009 - Open A"]
[Site "Groningen NED"]
[Date "2009.12.29"]
[Round "8.15"]
[White "Assendelft van, Floris"]
[Black "Klein, David"]
[Result "0-1"]
[WhiteElo "2325"]
[BlackElo "2262"]
[PlyCount "104"]
[EventDate "2009.12.21"]
[EventType "swiss"]
[EventRounds "9"]
[EventCountry "NED"]
[Source "lmi"]
[SourceDate "2009.12.21"]

1. Nf3 Nf6 2. g3 g6 3. b3 Bg7 4. Bb2 O-O 5. Bg2 d6 6. c4 e5 7. Nc3 Nc6 8. O-O
Nh5 9. d4 Nxd4 10. Nxd4 exd4 11. Nd5 c6 12. Nb4 c5 13. Nd5 Re8 14. Qd2 Nf6 15.
e3 Nxd5 16. Bxd5 Bh3 17. Bxb7 Bxf1 18. Bxa8 Bh3 19. Bf3 dxe3 20. fxe3 Bxb2 21.
Qxb2 Rxe3 22. Kf2 Qe7 23. Rc1 h5 24. Qd2 Re6 25. Rc3 Kg7 26. Rd3 Qf6 27. a4 Qa1
28. Qc3+ Qxc3 29. Rxc3 a5 30. Rd3 Bf5 31. Rd2 Kf6 32. Bd5 Re5 33. Bf3 Ke7 34.
h4 Be4 35. Bxe4 Rxe4 36. Kf3 Re5 37. Kf4 Ke6 38. Rd1 f6 39. Kf3 g5 40. hxg5
fxg5 41. Rh1 g4+ 42. Kf4 Rf5+ 43. Ke4 Rf3 44. Rxh5 Rxg3 45. Rh6+ Kd7 46. Rg6
Kc6 47. Rg8 Rxb3 48. Ra8 g3 49. Rc8+ Kd7 50. Rg8 Rc3 51. Rg4 Rxc4+ 52. Kd5 Rd4+
0-1

[Event "Groningen 2009 - Open A"]
[Site "Groningen NED"]
[Date "2009.12.29"]
[Round "8.16"]
[White "Popilski, Gil"]
[Black "Genova, Lyubka"]
[Result "1/2-1/2"]
[WhiteElo "2441"]
[BlackElo "2263"]
[PlyCount "44"]
[EventDate "2009.12.21"]
[EventType "swiss"]
[EventRounds "9"]
[EventCountry "NED"]
[Source "lmi"]
[SourceDate "2009.12.21"]

1. e4 c5 2. Nf3 e6 3. d4 cxd4 4. Nxd4 Nc6 5. Nc3 Qc7 6. f4 a6 7. Nb3 b5 8. Be3
Nf6 9. Bd3 Bb7 10. Qe2 Na5 11. e5 b4 12. Nd1 Nd5 13. Nxa5 Qxa5 14. Bd2 Bc5 15.
Nf2 O-O 16. Ne4 f5 17. exf6 Nxf6 18. Nxc5 Qxc5 19. Be3 Qc7 20. O-O Be4 21. Bxe4
Nxe4 22. Bd4 d5 1/2-1/2

[Event "Groningen 2009 - Open A"]
[Site "Groningen NED"]
[Date "2009.12.29"]
[Round "8.17"]
[White "Pijpers, Arthur"]
[Black "Paulet, Iozefina"]
[Result "1-0"]
[WhiteElo "2201"]
[BlackElo "2312"]
[PlyCount "109"]
[EventDate "2009.12.21"]
[EventType "swiss"]
[EventRounds "9"]
[EventCountry "NED"]
[Source "lmi"]
[SourceDate "2009.12.21"]

1. e4 c5 2. Nf3 d6 3. d4 cxd4 4. Nxd4 Nf6 5. Nc3 a6 6. Bg5 e6 7. f4 Qb6 8. Qd2
Nc6 9. Bxf6 gxf6 10. Nb3 Bd7 11. O-O-O Rc8 12. Kb1 Na5 13. Nxa5 Qxa5 14. f5 Rc5
15. a3 Qc7 16. Be2 h5 17. Rhf1 Be7 18. Rf3 b5 19. Rh3 h4 20. Bg4 a5 21. Ne2 e5
22. g3 Bc6 23. Bf3 b4 24. axb4 axb4 25. gxh4 Kd7 26. Qxb4 Qa7 27. Bg2 Rb5 28.
Ra3 Qf2 29. Qc4 Rhb8 30. b3 Qxg2 31. Nc3 R5b7 32. h5 Rc7 33. h6 Qh3 34. Qxf7
Qxc3 35. Qe6+ Kd8 36. h7 Be8 37. Ra2 Rcb7 38. Rb2 Qh3 39. Qg8 Qh5 40. Rc1 Ra8
41. Ra2 Rxa2 42. Kxa2 Ra7+ 43. Kb1 Qh6 44. Rg1 Qe3 45. h8=Q Kc7 46. Qc4+ Bc6
47. Qg7 Kb6 48. Qg3 Qxg3 49. Rxg3 d5 50. exd5 Bb5 51. Qc8 Bc5 52. Rg6 Bd4 53.
Rxf6+ Ka5 54. c3 Bb6 55. b4+ 1-0

[Event "Groningen 2009 - Open A"]
[Site "Groningen NED"]
[Date "2009.12.29"]
[Round "8.18"]
[White "Heemskerk, Wim"]
[Black "Hoeksema, Erik"]
[Result "1-0"]
[WhiteElo "2236"]
[BlackElo "2331"]
[PlyCount "125"]
[EventDate "2009.12.21"]
[EventType "swiss"]
[EventRounds "9"]
[EventCountry "NED"]
[Source "lmi"]
[SourceDate "2009.12.21"]

1. Nf3 Nf6 2. c4 e6 3. g3 d5 4. d4 dxc4 5. Qa4+ Nbd7 6. Bg2 a6 7. Qxc4 b5 8.
Qc6 Rb8 9. Bf4 Nd5 10. Bg5 Be7 11. Bxe7 Qxe7 12. Nc3 Nb4 13. Qxc7 Nc2+ 14. Kd1
Nxa1 15. Ne5 O-O 16. Nc6 Qe8 17. Nxb8 Nxb8 18. Qxb8 Qe7 19. Kc1 b4 20. Ne4 b3
21. axb3 Bb7 22. Qxb7 Qxb7 23. Nf6+ gxf6 24. Bxb7 Nxb3+ 25. Kb1 Rb8 26. Bxa6
Nxd4 27. Rc1 Rb6 28. Bd3 f5 29. Rc4 Nc6 30. Kc2 Nb4+ 31. Kb1 Kg7 32. g4 Nxd3
33. exd3 fxg4 34. Rxg4+ Kf6 35. Kc2 h5 36. Rc4 e5 37. b4 Ke6 38. Kc3 Kd5 39. f4
f6 40. fxe5 fxe5 41. Rh4 Rh6 42. Kb3 Rh8 43. Kc3 Rc8+ 44. Kd2 Rb8 45. Ke3 Ke6
46. d4 exd4+ 47. Rxd4 Kf5 48. Kd3 Kg5 49. h4+ Kf5 50. Kc4 Rc8+ 51. Kb3 Rc1 52.
Rc4 Rg1 53. b5 Ke6 54. Rc5 Rg3+ 55. Kc2 Rh3 56. Rxh5 Kd6 57. Kd2 Kc7 58. Ke2
Kb6 59. Kf2 Rh2+ 60. Kg3 Rh1 61. Rf5 Ka5 62. Kg4 Rg1+ 63. Kf4 1-0

[Event "Groningen 2009 - Open A"]
[Site "Groningen NED"]
[Date "2009.12.29"]
[Round "8.19"]
[White "Racherbaeumer, Marcel"]
[Black "Groenewold, Jan Joris"]
[Result "0-1"]
[WhiteElo "2301"]
[BlackElo "2145"]
[PlyCount "80"]
[EventDate "2009.12.21"]
[EventType "swiss"]
[EventRounds "9"]
[EventCountry "NED"]
[Source "lmi"]
[SourceDate "2009.12.21"]

1. e4 e5 2. f4 exf4 3. Nf3 Ne7 4. Bc4 d5 5. exd5 Nxd5 6. Bxd5 Qxd5 7. Nc3 Qd8
8. d4 Be7 9. Bxf4 O-O 10. O-O Bg4 11. Qd2 Nc6 12. d5 Bc5+ 13. Kh1 Ne7 14. Ne4
Qxd5 15. Qxd5 Nxd5 16. Nxc5 Nxf4 17. Ne5 Ne6 18. Ncd7 Rfd8 19. Nf6+ gxf6 20.
Nxg4 Rd2 21. Nxf6+ Kg7 22. Nh5+ Kg8 23. Rf3 Rad8 24. Raf1 Rd1 25. Nf6+ Kh8 26.
Kg1 R8d2 27. Rg3 Ng7 28. Rh3 h5 29. Rc3 Rxf1+ 30. Kxf1 Rd6 31. Ne4 Re6 32. Nc5
Rf6+ 33. Ke2 Rb6 34. b3 Kh7 35. Nd7 Re6+ 36. Kf3 Kh6 37. Rxc7 Nf5 38. Rc4 b5
39. Rf4 Kg5 40. h4+ Nxh4+ 0-1

[Event "Groningen 2009 - Open A"]
[Site "Groningen NED"]
[Date "2009.12.29"]
[Round "8.20"]
[White "Haast, Anne"]
[Black "Theulings, Paul-Peter"]
[Result "1-0"]
[WhiteElo "2251"]
[BlackElo "2135"]
[PlyCount "67"]
[EventDate "2009.12.21"]
[EventType "swiss"]
[EventRounds "9"]
[EventCountry "NED"]
[Source "lmi"]
[SourceDate "2009.12.21"]

1. e4 Nf6 2. e5 Nd5 3. c4 Nb6 4. d4 d6 5. exd6 exd6 6. Nc3 Be7 7. Bd3 Nc6 8.
Nge2 O-O 9. O-O Re8 10. Be3 Bf6 11. b3 Bg4 12. Qd2 d5 13. c5 Nc8 14. h3 Bxe2
15. Nxe2 N8e7 16. b4 a6 17. a4 a5 18. b5 Nb4 19. Bb1 Qd7 20. Ng3 g6 21. f4 Bh4
22. Bf2 Bxg3 23. Bxg3 Nf5 24. Bf2 h5 25. g4 hxg4 26. hxg4 Ne3 27. f5 Nxf1 28.
Kxf1 Kg7 29. Bg3 Rh8 30. Qg5 Rh6 31. Be5+ Kh7 32. Ra3 Qd8 33. fxg6+ fxg6 34.
Bxg6+ 1-0

[Event "Groningen 2009 - Open A"]
[Site "Groningen NED"]
[Date "2009.12.29"]
[Round "8.21"]
[White "Bijlsma, Nick"]
[Black "Efroimski, Marsel"]
[Result "1/2-1/2"]
[WhiteElo "2075"]
[BlackElo "2150"]
[PlyCount "105"]
[EventDate "2009.12.21"]
[EventType "swiss"]
[EventRounds "9"]
[EventCountry "NED"]
[Source "lmi"]
[SourceDate "2009.12.21"]

1. e4 c6 2. c4 d5 3. exd5 cxd5 4. cxd5 Nf6 5. Nc3 a6 6. Nf3 Nxd5 7. Bc4 e6 8.
O-O Be7 9. d4 Nc6 10. a4 O-O 11. Qe2 Nb6 12. Bd3 f5 13. Rd1 Qc7 14. Bc2 Nb4 15.
Bb3 N6d5 16. Bd2 Bf6 17. Rac1 Qd6 18. Ne5 Nc6 19. Nxc6 bxc6 20. Nxd5 cxd5 21.
Ba5 Bd7 22. Qd2 Rfc8 23. g3 Rab8 24. Rxc8+ Rxc8 25. Bc3 Be8 26. Re1 Bf7 27. Bc2
g5 28. Bd3 h5 29. f3 Kg7 30. Kg2 h4 31. Qe2 Ra8 32. Rg1 Bh5 33. Re1 Bf7 34. Rg1
hxg3 35. hxg3 a5 36. Re1 Qb6 37. Qf2 Be8 38. Bc2 Bf7 39. Qd2 Qc7 40. Rh1 Be7
41. Rh3 Kf6 42. Rh6+ Bg6 43. g4 Bf8 44. Rh1 Bd6 45. Qe2 Qg7 46. gxf5 Bxf5 47.
Bxf5 exf5 48. Qb5 g4 49. f4 Qe7 50. Re1 Qh7 51. Rh1 Qe7 52. Re1 Qh7 53. Rh1
1/2-1/2

[Event "Groningen 2009 - Open A"]
[Site "Groningen NED"]
[Date "2009.12.29"]
[Round "8.22"]
[White "Hirth, Ulrich"]
[Black "Afek, Yochanan"]
[Result "0-1"]
[WhiteElo "2108"]
[BlackElo "2285"]
[PlyCount "72"]
[EventDate "2009.12.21"]
[EventType "swiss"]
[EventRounds "9"]
[EventCountry "NED"]
[Source "lmi"]
[SourceDate "2009.12.21"]

1. g3 g6 2. Bg2 Bg7 3. c4 c5 4. Nc3 Nc6 5. a3 Nf6 6. Rb1 a5 7. e3 d6 8. d3 h5
9. h3 e5 10. Nge2 Be6 11. Nd5 Bxd5 12. cxd5 Ne7 13. Nc3 Qd7 14. a4 O-O 15. Qb3
Ne8 16. Ne4 Nc7 17. Ng5 b5 18. axb5 Rfb8 19. O-O Qxb5 20. Qxb5 Nxb5 21. Bd2 a4
22. Ne4 Ra6 23. Rfc1 Rab6 24. Ra1 Ra6 25. Nc3 Nc7 26. Nxa4 Rba8 27. b3 Ncxd5
28. Rab1 Rb8 29. Bf3 Nb4 30. Be2 Na2 31. d4 Ra7 32. dxc5 Nxc1 33. Rxc1 dxc5 34.
Nxc5 Ra2 35. Rd1 Rd8 36. Bc3 Rc8 0-1

[Event "Groningen 2009 - Open A"]
[Site "Groningen NED"]
[Date "2009.12.29"]
[Round "8.23"]
[White "Sparenberg, Erik"]
[Black "Jellema, Yme Jan"]
[Result "0-1"]
[WhiteElo "2072"]
[BlackElo "2193"]
[PlyCount "96"]
[EventDate "2009.12.21"]
[EventType "swiss"]
[EventRounds "9"]
[EventCountry "NED"]
[Source "lmi"]
[SourceDate "2009.12.21"]

1. e4 c6 2. d4 d5 3. exd5 cxd5 4. c4 Nf6 5. Nc3 e6 6. Nf3 Be7 7. Bd3 dxc4 8.
Bxc4 O-O 9. O-O a6 10. Qe2 b5 11. Bd3 Bb7 12. Rd1 Nbd7 13. a3 Rc8 14. Ne5 Qc7
15. Bf4 Bd6 16. Rac1 Qb8 17. Bb1 Rfd8 18. Ba2 Nf8 19. Bg3 Qa8 20. f3 Nh5 21.
Bh4 Re8 22. Qe3 f6 23. Nd3 Qb8 24. h3 Kh8 25. Ne4 Bh2+ 26. Kh1 Rxc1 27. Rxc1
Bd5 28. Bb1 Ng6 29. Bf2 Bc4 30. Nec5 Ngf4 31. b3 Nxd3 32. Nxd3 Bxb3 33. g4 Nf4
34. Kxh2 Nd5+ 35. Bg3 Nxe3 36. Bxb8 Rxb8 37. Nc5 Bc4 38. Re1 Nf1+ 39. Kg2 Nd2
40. Bc2 Bd5 41. Be4 a5 42. Bxd5 exd5 43. Re7 Nc4 44. Ne6 b4 45. axb4 axb4 46.
Nxg7 b3 47. Nh5 b2 48. Nxf6 b1=Q 0-1